000 00397nam a2200145 a 4500
001 000032025
005 20200930063351.0
008 110712s20uu dr 000 0 spa d
040 _aDO-SdBNP
_bspa
_cBNPHU
100 1 _aBrugos, Domingo
_958166
245 1 3 _aEl recurso del fuego /
_cDomingos Domingo.
260 _a[Santo Domingo] :
_bs.n.],
_c[19uu]?
300 _a36 p. ;
_c14 cm.
049 _aBNPD
999 _c31516
_d31516